000 00646nam a2200253 a 4500
001 nice12345678
003 IN_TiNIC
005 20260116013149.0
008 050524s1955 newa grp 000 0 eng
020 _a0883441
_c735
082 0 0 _a261.836
_bBOF
100 _aBoff, Leonardo
245 _aEcology and Liberation
_b New Paradigm
260 _aNew York
_bOrbis Books
_c1955
300 _a187p
500 _aincludes index and biblioraphy
505 2 _aIndex
650 _aEcology
650 _aHuman Ecology and Christianity
650 _aLiberation-Theology & Ecology
902 _bSRS
942 _cBK
999 _c9932
_d9932